The structural analysis of kinship semantics

Elmentve itt :
Bibliográfiai részletek
Szerző: Lounsbury Floyd Glenn
Dokumentumtípus: Cikk
Megjelent: [Oslo University Press] [Oslo] 1964
Sorozat:Proceedings of the International Congress of Linguists
Kulcsszavak:Nyelvtudomány
Tárgyszavak:
Online Access:http://misc.bibl.u-szeged.hu/67975
LEADER 00802nab a2200229 i 4500
001 misc67975
005 20240830133041.0
008 240206s1964 hu o 000 eng d
040 |a SZTE Miscellanea Repozitórium  |b hun 
041 |a eng 
100 1 |a Lounsbury Floyd Glenn 
245 1 4 |a The structural analysis of kinship semantics  |h [elektronikus dokumentum] /  |c  Lounsbury Floyd Glenn 
260 |a [Oslo University Press]  |b [Oslo]  |c 1964 
300 |a 1073-1093  |c 30 cm 
300 |a [21] p.  |c 30 cm 
490 0 |a Proceedings of the International Congress of Linguists 
561 |a Németh Gyula hagyaték 
591 |a OA 6620 
650 4 |a Bölcsészettudományok 
650 4 |a Nyelvek és irodalom 
695 |a Nyelvtudomány 
856 4 0 |u http://misc.bibl.u-szeged.hu/67975/1/6620_oa.pdf  |z Dokumentum-elérés